Gaming Quiz

Random Gaming or Pokémon Quiz
Score 0/150 Timer 07:00
0 Plays Today
Type Pokemon % Correct
GrassChespin
95.5%
FireFennekin
92.5%
WaterFroakie
91.9%
Grass FightingChesnaught
91.6%
Fire FlyingTalonflame
91.6%
Normal FlyingFletchling
91.3%
Normal FlyingPidgey
90.8%
GrassQuilladin
90.5%
Normal FlyingPidgeot
90.2%
Water DarkGreninja
89.9%
NormalBunnelby
89.9%
Normal FlyingPidgeotto
89.7%
Fire PsychicDelphox
89.4%
Normal GroundDiggersby
89.4%
Fire FlyingFletchinder
89.4%
BugCaterpie
89.1%
ElectricRaichu
89.1%
FireBraixen
88.8%
BugScatterbug
88.5%
Bug FlyingButterfree
88.5%
Bug PoisonWeedle
88.5%
ElectricPichu
88.5%
WaterFrogadier
88.3%
BugMetapod
88.3%
Bug PoisonBeedrill
88.3%
Bug PoisonKakuna
88%
ElectricPikachu
88%
BugSpewpa
87.4%
Bug FlyingVivillon
87.4%
Fire NormalLitleo
86.9%
Fire NormalPyroar
86.3%
GrassPansage
85.8%
FirePansear
85.5%
Psychic FairyRalts
85.5%
WaterPanpour
84.6%
Psychic FairyKirlia
84.6%
Psychic FairyGardevoir
84.6%
FireCharmander
84.6%
GrassSimisage
84.4%
Grass PoisonBulbasaur
84.4%
FireSimisear
84.1%
Fighting SteelLucario
84.1%
Grass PoisonVenusaur
84.1%
Fire FlyingCharizard
84.1%
Grass PoisonOddish
84.1%
WaterSimipour
83.8%
FightingRiolu
83.5%
FairyFlabebe
83.5%
Grass PoisonIvysaur
83.5%
FireCharmeleon
83.5%
Type Pokemon % Correct
Grass PoisonGloom
83.5%
Grass PoisonVileplume
83.5%
Steel GhostHonedge
83.5%
Steel GhostDoublade
83.5%
Bug GroundNincada
83.2%
WaterSquirtle
83%
Bug FlyingNinjask
83%
Bug GhostShedinja
82.4%
NormalBidoof
82.1%
BugBurmy
82.1%
Bug Grass/Ground/SteelWormadam
82.1%
Psychic FightingGallade
82.1%
WaterBlastoise
82.1%
WaterWartortle
81.6%
Steel GhostAegislash
81.6%
Bug FlyingMothim
81.3%
FairyFloette
81%
Normal WaterBibarel
80.7%
Bug WaterSurskit
80.7%
FairyFlorges
80.7%
Water DarkSharpedo
80.4%
Water FairyMarill
80.2%
Water DarkCarvanha
80.2%
FightingPancham
80.2%
Water FairyAzumarill
79.9%
NormalZigzagoon
79.6%
NormalLinoone
79.6%
Normal FairyAzurill
79.6%
Bug FlyingMasquerain
79.3%
Fighting DarkPangoro
78.8%
Dark FightingScraggy
77.9%
Dark FightingScrafty
77.9%
GrassBellossom
77.9%
DragonAxew
77.7%
WaterMagikarp
77.1%
FairyAromatisse
77.1%
DragonHaxorus
77.1%
PsychicAbra
76.8%
FairySpritzee
76.8%
FairySwirlix
76.8%
Water FlyingGyarados
76.5%
PsychicKadabra
76.3%
FairySlurpuff
76.3%
Poison FlyingZubat
76.3%
Poison FlyingGolbat
76.3%
DragonFraxure
76.3%
PsychicAlakazam
76%
Poison FightingCroagunk
75.4%
Poison FightingToxicroak
75.4%
Poison FlyingCrobat
75.4%
Type Pokemon % Correct
Grass FlyingHoppip
74.6%
Grass FlyingSkiploom
74.3%
Grass FlyingJumpluff
73.5%
Fighting PsychicMeditite
73.2%
Fighting PsychicMedicham
73.2%
Bug PoisonVenipede
72.9%
Bug PoisonWhirlipede
72.6%
WaterGoldeen
72.1%
WaterSeaking
71.8%
Bug PoisonScolipede
71.5%
NormalFurfrou
70.7%
PsychicMeowstic
70.4%
WaterPsyduck
70.1%
GrassGogoat
70.1%
PsychicEspurr
70.1%
WaterGolduck
69.8%
GrassSkiddo
69.8%
Normal FlyingFarfetch'd
69.3%
WaterCorphish
69%
WaterCrawdaunt
68.7%
Grass PoisonBudew
68.4%
Grass PoisonRoselia
67.6%
Bug FlyingCombee
67.6%
Grass PoisonRoserade
67.3%
Bug FlyingVespiquen
67.3%
Water FlyingDucklett
67%
Water FlyingSwanna
66.8%
PoisonGulpin
63.4%
PoisonSwalot
62.8%
Bug FlyingLedyba
62.6%
Bug FlyingLedian
62.3%
NormalSentret
62.3%
NormalFurret
61.5%
ElectricPlusle
61.2%
ElectricMinun
61.2%
NormalDunsparce
59.5%
NormalSnorlax
58.7%
NormalMunchlax
56.4%
BugVolbeat
55%
BugIllumise
55%
NormalDelcatty
52.8%
NormalSkitty
52.5%
NormalAudino
52%
NormalSmeargle
52%
Normal FlyingDoduo
51.7%
Normal FlyingDodrio
51.1%
NormalWhismur
50.3%
NormalLoudred
50%
NormalExploud
50%
NormalKecleon
48.6%
Remove Ads.
Support Sporcle.
Get the best of Sporcle when you Go Orange. This ad-free experience offers more features, more stats, and more fun while also helping to support Sporcle. Thank you for becoming a member.

You're not logged in!

Compare scores with friends on all Sporcle quizzes.
OR
Log In

Show Comments

Extras

Created Oct 10, 2013ReportNominate
Tags:Pokémon Quiz, central, section

Top Quizzes Today


Score Distribution

Your Account Isn't Verified!

In order to create a playlist on Sporcle, you need to verify the email address you used during registration. Go to your Sporcle Settings to finish the process.

Report this User

Report this user for behavior that violates our Community Guidelines.

Details: